Spanish 5000 # 2 - Verbs (Easy) - Statistics

General Stats
  • This quiz has been taken 374 times
    68 since last reset
  • The average score is 93 of 155
Answer Stats
English Spanish % Correct
to open abrir
95%
to drink beber
95%
to eat comer
95%
to write escribir
93%
to help ayudar
88%
to dance bailar
88%
to walk caminar
88%
to cook cocinar
88%
to buy comprar
88%
to run correr
88%
to study estudiar
88%
to go ir
88%
to pay pagar
88%
to sing cantar
86%
to listen to escuchar
86%
to speak, talk hablar
86%
to believe, think creer
84%
to be (location, change from norm) estar
84%
to swim nadar
84%
to accept aceptar
81%
to look for buscar
81%
to sleep dormir
81%
to do, make hacer
81%
to think pensar
81%
to learn aprender
79%
to know (someone or place) conocer
79%
to teach, show enseñar
79%
to look, watch mirar
79%
to want, love querer
79%
to be (norm) ser
79%
to have tener
79%
to love amar
77%
to kiss besar
77%
to give dar
77%
to read leer
77%
to clean limpiar
77%
to call, name llamar
77%
to need necesitar
77%
to tell, say decir
74%
to explain explicar
74%
to win, earn ganar
74%
to play (sport/game) jugar
74%
to put (on), get (+ poner
74%
to work trabajar
74%
to come venir
74%
to see ver
74%
to close cerrar
72%
to understand entender
72%
to die morir
72%
to be able to, can poder
72%
to ask (a question) preguntar
72%
to use usar
72%
to live vivir
72%
to change cambiar
70%
to wait, hope (for), expect esperar
70%
to hear oír
70%
to remember, remind recordar
70%
to combine combinar
67%
to understand comprender
67%
to begin, start empezar
67%
to enter entrar
67%
to forget olvidar
67%
to know (a fact), find out saber
67%
to sell vender
67%
to visit visitar
67%
to fall caer
65%
to cut cortar
65%
to wash lavar
65%
to pass, spend (time) pasar
65%
to lose, miss perder
65%
to leave, go out salir
65%
to travel viajar
65%
to begin, start comenzar
63%
to cost, be hard costar
63%
to arrive llegar
63%
to kill matar
63%
to break romper
63%
to move, incite mover
60%
to be born nacer
60%
to receive recibir
60%
to serve servir
60%
to create crear
58%
to send enviar
58%
to have (+Ved) haber
58%
to take, carry llevar
58%
to (tell a) lie mentir
58%
to stop (moving) parar
58%
to seem, look like parecer
58%
to sound, ring sonar
58%
to dream soñar
58%
to touch, play (instrument) tocar
58%
to take, drink tomar
58%
to cancel cancelar
56%
to marry casar
56%
to interest interesar
56%
to ask for, request pedir
56%
to separate separar
56%
to complete completar
53%
to hurt doler
53%
to obtain obtener
53%
to remain, stay quedar
53%
to rob, steal robar
53%
to bring, carry traer
53%
to fly volar
53%
to return, to, v, again volver
53%
to activate, stimulate activar
51%
to include incluir
51%
to show mostrar
51%
to laugh (at) reír
51%
to answer, respond responder
51%
to follow, keep on seguir
51%
to finish, end terminar
51%
to use, utilize utilizar
51%
to affect afectar
49%
to shout gritar
49%
to test, prove, try probar
49%
to breathe respirar
49%
to sit (down), seat sentar
49%
to put/go to bed acostar
47%
to walk, function andar
47%
to let, leave dejar
47%
to fill llenar
47%
to offer, present ofrecer
47%
to jump, leap, hop saltar
47%
to feel, regret sentir
47%
to smile sonreír
47%
to bring together juntar
44%
to wear, dress vestir
44%
to remember, remind acordar
42%
to grow, increase crecer
42%
to take care of cuidar
42%
to smell oler
42%
to try, treat, deal with tratar
42%
to give (as a gift) regalar
40%
to fit (into) caber
37%
to be pleasing to gustar
37%
to raise, lift levantar
37%
to go up subir
37%
to argue, discuss discutir
33%
to be very pleasing to encantar
33%
to take out sacar
28%
to come near acercar
26%
to throw, pull tirar
26%
to unite, join (together) unir
26%
to hit, stick (on) pegar
23%
to surprise sorprender
23%
to support, lean on apoyar
21%
to deliver entregar
21%
to fear temer
19%
to clarify, clear up aclarar
16%
to perceive, notice percibir
16%
to mean significar
16%
to get right acertar
14%
to belong pertenecer
14%
to be accustomed to soler
7%
No matching quizzes found
Score Distribution
Percent of People with Each Score
Percentile by Number Answered
Your Score History
You have not taken this quiz since the last reset